01578nam a2200313 a 4500001001000000005001700010041000800027044000700035084002000042100005000062245021600112260003400328300001700362500010900379500013900488500014500627500001000772546002400782650005700806650006100863650003900924650005000963700005301013740005001066902000801116942001101124999001501135952011401150BRCA_343220190320204259.0 aita ait a721b.G76c17221 aCervantes Saavedra, Miguel ded1547-1616921310aDell´Ingegnoso Cittadino Don Chisciotte della ManciacComposto da Michel di Cervantes Saavedra et hora nuovamente tradotta con fedeltá e chiarezza, di Spagnolo, in Italiano, da Lorenzo Franciosini Fiorentino. aVeneciabAntonio Groppoc1722 a2 v.c17 cm. aContenido : v.1. Primera parte. Advertencia del traductor. Prólogo de Cervantes. -- v.2. Segunda parte aEdición : In questa Terza Impressione corretta, e migliorata con la Traduzione de Versi Spagnuoli, non tradotti nella prima edizione aCopia de la edición de 1625. Es la tercera que contiene las dos partes de la novela, traducida por Franciosini. Pergamino Lúdovik Osterc aQM540 aTexto en : italiano14aNovela españolayÉpoca clásica, 1500-1700921514aLiteratura españolayÉpoca clásica, 1500-1700921614aNovela españolaySiglo XVII921714aDon Quijote (Personaje ficticio)eNovela92181 aFranciosini Fiorentino, LorenzoeTraductor989920 aEl Ingenioso Hidalgo Don Quijote de la Mancha aQFM 2lcccB c3168d3168 00104070aBRCAbBRCAd2009-04-13iQM540l0o721 .G76 1722 (QM540)p3429r2019-03-22 00:00:00w2019-03-22yB